| 000 | 00659nam a2200229Ia 4500 | ||
|---|---|---|---|
| 003 | OSt | ||
| 005 | 20220923230611.0 | ||
| 006 | a|||||r|||| 00| 0 | ||
| 007 | ta | ||
| 008 | 220922b |||||||| |||| 00| 0 pan d | ||
| 024 | _a283,631 | ||
| 037 | _cTextual | ||
| 040 |
_aARTS _cARTS _bpan |
||
| 041 |
_2pan _apan |
||
| 082 | _aO153,6:g, L5 | ||
| 100 | _aਸਿੰਘ, ਬ੍ਰਹਮਜਗਦੀF | ||
| 245 | 0 | _aਪੰਜਾਬੀ ਗੱਦ Fਿਰੋਮਣੀ | |
| 260 | _c1975 | ||
| 650 | _aਪੰਜਾਬੀ ਸਾਹਿਤ | ||
| 942 |
_hO153,6:g, L5 _cTEXL _2CC |
||
| 999 |
_c385970 _d385970 |
||